Trikots - Statistiken

Allgemein
  • Dieses Quiz wurde 16 mal gespielt
  • Das Durchschnittsergebnis liegt bei 8 aus 16
Antwortstatistiken
Bildquiz Antwort % Korrekt
2024/25
93%
1995/96
73%
2016/17
73%
2007/08
67%
2014/15
67%
2003/04
60%
2006/07
60%
1987/88
53%
1997/98 ; 1998/99
53%
1998/99
53%
2013/14
53%
1979/80
27%
1980/81
27%
1995/96
27%
2000/01
27%
1991/92
20%
Keine übereinstimmenden Quizze gefunden
Verteilung der Resultate
Anzahl Personen mit jedem Resultat
Perzentil nach korrekt beantworteten Fragen
Ihre Resultats-Entwicklung
Sie haben dieses Quiz noch nicht gespielt